000 00914nam a22003377a 4500
001 0026299
003 KOHA_MİRAKIL
005 20260207002524.0
007 ta
008 160215b2003 tu |||gr||||#||||0|tur |
020 _a975864050X
040 _aTR-BiSEU
_btur
_cTR-BiSEU
_erda
041 0 _atur
044 _ctu
050 _aTA775
_b.K36 2003
100 1 _aKanıt, Recep.
245 1 _aTemel İnşaatı/
_cRecep Kanıt ; Recep Kanıt.
264 1 _aAnkara :
_bGazi Kitabevi
_c2003
300 _a250 sayfa; 27 cm.
336 _ametin
_btxt
_2rdacontent
337 _aaracısız
_bn
_2rdamedia
338 _acilt
_bnc
_2rdacarrier
500 _aDizin var.
500 _aKaynakça var.
650 0 _aTemeller.
_91544
650 0 _aFoundations.
_91545
650 0 _aZemin mekaniği.
_91546
650 0 _aSoil Mechanics.
_91547
650 0 _aİnşaat mühendisliği.
_91480
942 _2lcc
_cBK
999 _c26244
_d26244